| 000 | 00857nam a2200193Ia 4500 | ||
|---|---|---|---|
| 999 |
_c52670 _d52670 |
||
| 003 | GCL | ||
| 005 | 20240530105033.0 | ||
| 008 | 140319s9999 xx 000 0 ara d | ||
| 040 |
_aGCL / _cGCL |
||
| 082 | 0 | 4 |
_a536 _bك.ا |
| 100 | 1 | _aكارليكار ، بهالشاندرا.فى | |
| 245 | 1 | 0 |
_aانتقال الحرارة / _cبهالشاندر ا.فى كارليكار ، روبرت .م. دزموند ؛ ترجمة احمد صابر احمد فهمى ، مصطفى محمد مصطفى سويدان ؛ مراجعة محسن سالم رضوان |
| 260 |
_a[S.N] : _bالدار العربية للتوزيع والنشر ، _c1989 |
||
| 650 | 0 | 4 | _aالحرارة |
| 700 | 1 | _aبها الشاندرا.فى.كارليكار | |
| 700 | 1 | _aاحمد صابر احمد فهمى | |
| 700 | 1 | _aمصطفى محمد مصطفى سويدان | |
| 942 |
_2ddc _cBK |
||